Tallest Buildings in Auckland - Statistics

General Stats
  • This quiz has been taken 10 times
  • The average score is 4 of 20
Answer Stats
Height (m) Building % Correct
180 PWC/Commercial Bay
78%
172 Vero Centre
78%
151 ANZ Centre
56%
178 The Pacifica
33%
100 Deloitte Centre
22%
138 HSBC Tower
22%
150 The Sentinel
22%
135 Voco Hotel & Holiday Inn
22%
130 Auckland Harbour Suites
11%
155 Metropolis
11%
106 QBE Centre
11%
117 Quay West
11%
104 SAP Tower
11%
116 Auckland Council Tower
0%
110 Crowne Plaza
0%
125 Lumley Centre
0%
109 Park Residences
0%
104 Phillips Fox Tower
0%
115 Precinct Apartments
0%
107 Queens Residences
0%
No matching quizzes found
Score Distribution
Percent of People with Each Score
Percentile by Number Answered
Your Score History
You have not taken this quiz